Thầy thuốc & bệnh nhân

Tập sách Thầy thuốc & Bệnh nhân này được viết từ những kinh nghiệm riêng trong hơn 30 năm hành nghề của tác giả dành tặng các bạn bệnh nhân và gia đình, đồng thời cũng là một tài liệu tham khảo dành cho các bạn sinh viên y khoa, các thầ...

Descripción completa

Guardado en:
Detalles Bibliográficos
Autor principal: Đỗ, Hồng Ngọc
Formato: Libro
Lenguaje:Undetermined
Publicado: Thành phố Hồ Chí Minh Tổng hợp Thành phố Hồ Chí Minh 2016
Materias:
Etiquetas: Agregar Etiqueta
Sin Etiquetas, Sea el primero en etiquetar este registro!
Thư viện lưu trữ: Trung tâm Học liệu Trường Đại học Cần Thơ
LEADER 01185nam a2200205Ia 4500
001 CTU_220817
008 210402s9999 xx 000 0 und d
020 |c 65000 
082 |a 362.1 
082 |b Ng419 
100 |a Đỗ, Hồng Ngọc 
245 0 |a Thầy thuốc & bệnh nhân 
245 0 |c Đỗ Hồng Ngọc 
260 |a Thành phố Hồ Chí Minh 
260 |b Tổng hợp Thành phố Hồ Chí Minh 
260 |c 2016 
520 |a Tập sách Thầy thuốc & Bệnh nhân này được viết từ những kinh nghiệm riêng trong hơn 30 năm hành nghề của tác giả dành tặng các bạn bệnh nhân và gia đình, đồng thời cũng là một tài liệu tham khảo dành cho các bạn sinh viên y khoa, các thầy thuốc trẻ, đặc biệt là các thầy thuốc ở cơ sở đang ngày đêm chăm sóc sức khỏe cho bà con ở cộng đồng. 
650 |a Bác sĩ và bệnh nhân,Physician and patient 
904 |i Ngô Hoàng Anh Khoa,Hải 
980 |a Trung tâm Học liệu Trường Đại học Cần Thơ